000
00279nam a22001217a 4500
008
170608b xxu||||| |||| 00| 0 eng d
041
_a
eng
080
_2
15 ED
_a
323
100
_a
18
101
_a
SHP
245
_a
POLITICAL ISSUES TAKING SIDES
_c
MCKENNA.G
942
_2
udc
_c
BK
999
_c
16534
_d
16534